[Event "Championnat de France - Open D"]
[Site "Pau"]
[Date "2008.08.12"]
[Round "1.1"]
[White "Benezra, David"]
[Black "Galy, Christian"]
[Result "1-0"]
[WhiteElo "1499"]
[BlackElo "1390"]
[PlyCount "53"]

1. e4 g6 2. Nf3 Bg7 3. d4 d6 4. c3 Nd7 5. Bd3 c6 6. O-O Ngf6 7. Nbd2 b5 8. Re1
O-O 9. e5 Nd5 10. e6 N7b6 11. exf7+ Rxf7 12. Ng5 Rf4 13. Ndf3 Rf6 14. Re4 Bf5
15. Rh4 h6 16. Bxf5 hxg5 17. Be6+ Rxe6 18. Nxg5 Rf6 19. Qe1 Qc7 20. Nh7 Nf4 21.
Nxf6+ Bxf6 22. Rxf4 Nd5 23. Rf3 Kg7 24. Rg3 Rf8 25. Qd2 Rh8 26. Qd3 Nf4 27.
Bxf4 1-0

[Event "Championnat de France - Open D"]
[Site "Pau"]
[Date "2008.08.12"]
[Round "1.2"]
[White "Rouffignac, Marie"]
[Black "Bonnave, Olivier"]
[Result "0-1"]
[WhiteElo "1390"]
[BlackElo "1499"]
[PlyCount "107"]

1. e4 e5 2. Nf3 d6 3. Nc3 Nf6 4. Bc4 g6 5. Ng5 d5 6. exd5 h6 7. Nf3 Nbd7 8. d4
exd4 9. Nxd4 Bb4 10. Bd2 Qe7+ 11. Qe2 Qxe2+ 12. Ndxe2 Nb6 13. O-O-O Nxc4 14. a3
Bc5 15. Na4 Be7 16. Bf4 Bd6 17. Bxd6 Nxd6 18. Rhe1 O-O 19. h4 Kg7 20. Rg1 b6
21. g4 Bxg4 22. Nac3 Rae8 23. Rde1 Bxe2 24. Rxe2 Rxe2 25. Nxe2 Nxd5 26. h5 Re8
27. Nd4 c5 28. Nf3 Nf4 29. hxg6 fxg6 30. Rd1 Re6 31. b4 a6 32. Kb2 Kf6 33. Kc3
Ne4+ 34. Kc4 b5+ 35. Kb3 c4+ 36. Kb2 Nxf2 37. Rf1 Ne4 38. Nd4 Ke5 39. Nxe6 Nxe6
40. Kc1 Nf4 41. Kd1 g5 42. Ke1 h5 43. Rg1 Kd4 44. Kd1 h4 45. Re1 h3 46. c3+ Kd3
47. Kc1 Nf2 48. Rf1 Ke2 49. Rg1 h2 50. Rxg5 h1=Q+ 51. Kb2 N2d3+ 52. Ka2 Qc1 53.
Rg2+ Nxg2 54. a4 0-1

[Event "Championnat de France - Open D"]
[Site "Pau"]
[Date "2008.08.12"]
[Round "1.3"]
[White "Boualit, Michael"]
[Black "Charbonnel, Jacques"]
[Result "1-0"]
[WhiteElo "1499"]
[BlackElo "1380"]
[PlyCount "39"]

1. d4 d5 2. Bf4 e6 3. e3 Nc6 4. c4 Bb4+ 5. Nd2 Nf6 6. Bd3 dxc4 7. Bxc4 Ne4 8.
Ngf3 h6 9. a3 Bxd2+ 10. Nxd2 Nf6 11. O-O O-O 12. Qf3 Re8 13. Ne4 Nh7 14. Qg3
Kh8 15. Bxc7 Qd7 16. Rfd1 Rg8 17. b4 Qe8 18. Qf3 Ng5 19. Nxg5 hxg5 20. Qh5# 1-0

[Event "Championnat de France - Open D"]
[Site "Pau"]
[Date "2008.08.12"]
[Round "1.4"]
[White "Nord, Clara"]
[Black "Boualit, Teresa-Eliza"]
[Result "1-0"]
[WhiteElo "1380"]
[BlackElo "1499"]
[PlyCount "109"]

1. e4 e5 2. Nf3 Nf6 3. Nc3 d5 4. Bd3 Nc6 5. O-O Bg4 6. h3 Bh5 7. Re1 Nd4 8. Be2
Bd6 9. exd5 O-O 10. d3 Qd7 11. Nd2 Nxe2+ 12. Nxe2 Nxd5 13. Nc4 Nf4 14. f3 Qf5
15. Ng3 Qg6 16. Kh2 Rfe8 17. Re4 f5 18. Re3 Bc5 19. Nxe5 Rxe5 20. Rxe5 Bf2 21.
Bxf4 Bd4 22. Rb5 Qf7 23. Rxf5 Qd7 24. Rxh5 Rf8 25. Ne2 Bxb2 26. Rb1 Bd4 27.
Rxb7 Bb6 28. Qe1 Qc8 29. Rxb6 cxb6 30. Rg5 Rf7 31. Nd4 Qd7 32. Ne2 Rf6 33. Be5
Rg6 34. Qh4 h6 35. Nf4 Rc6 36. Qg4 Qf7 37. Qf5 Rxc2 38. Qxf7+ Kxf7 39. Rf5+ Kg8
40. a4 Ra2 41. d4 Rxa4 42. d5 g5 43. Nh5 Kh7 44. d6 Ra2 45. d7 Rd2 46. Nf6+ Kg6
47. Bc3 Rxd7 48. Nxd7 Kxf5 49. Bg7 Kg6 50. Bf8 b5 51. Ne5+ Kf5 52. Nc6 a6 53.
Bxh6 Ke6 54. Bxg5 Kd5 55. Nb4+ 1-0

[Event "Championnat de France - Open D"]
[Site "Pau"]
[Date "2008.08.12"]
[Round "1.5"]
[White "Juffin, Dominique"]
[Black "Doucet, Claude"]
[Result "1-0"]
[WhiteElo "1499"]
[BlackElo "1370"]
[PlyCount "61"]

1. d4 Nf6 2. Nf3 e6 3. e3 d5 4. Bd3 c5 5. c3 Nc6 6. Nbd2 a6 7. O-O c4 8. Bc2
Bd6 9. Re1 O-O 10. e4 Be7 11. e5 Ne8 12. Nf1 f6 13. exf6 Nxf6 14. Bg5 Nd7 15.
Bxe7 Qxe7 16. Qb1 g6 17. Bxg6 hxg6 18. Qxg6+ Qg7 19. Qxe6+ Qf7 20. Qg4+ Qg7 21.
Qh5 Nf6 22. Qh4 Ne4 23. Ng3 Bf5 24. Nxf5 Rxf5 25. Re3 Raf8 26. Kh1 Rf4 27. Qh5
Nxf2+ 28. Kg1 Ne4 29. Qxd5+ Kh7 30. Rxe4 Rxf3 31. Rh4+ 1-0

[Event "Championnat de France - Open D"]
[Site "Pau"]
[Date "2008.08.12"]
[Round "1.6"]
[White "Picavez, Pascal"]
[Black "Tissier, Stephanie"]
[Result "1-0"]
[WhiteElo "1370"]
[BlackElo "1499"]
[PlyCount "29"]

1. e4 e5 2. Nf3 Nc6 3. Bc4 Bc5 4. d3 Nf6 5. Ng5 Bb4+ 6. c3 Ba5 7. Nxf7 O-O 8.
Nxd8+ Kh8 9. Nf7+ Kg8 10. Ng5+ Kh8 11. d4 Nb8 12. O-O c6 13. dxe5 Nxe4 14. Nxe4
h5 15. Qxh5# 1-0

[Event "Championnat de France - Open D"]
[Site "Pau"]
[Date "2008.08.12"]
[Round "1.7"]
[White "Van Den Abeele, Hendrik"]
[Black "Rocland, Jacques"]
[Result "1-0"]
[WhiteElo "1499"]
[BlackElo "1370"]
[PlyCount "67"]

1. d4 d5 2. Nf3 Nf6 3. Nc3 e6 4. Bg5 Be7 5. Qd2 h6 6. Bxf6 Bxf6 7. e3 Nc6 8.
Na4 a6 9. Be2 Be7 10. a3 Bd7 11. O-O O-O 12. b4 Na7 13. Nb2 Bb5 14. c4 dxc4 15.
Bxc4 Bxc4 16. Nxc4 Nb5 17. Na5 Rb8 18. Ne5 Qd5 19. Rfc1 Bf6 20. Rc5 Qd8 21. Rc2
Bxe5 22. dxe5 Qxd2 23. Rxd2 Nc3 24. Rd7 Rfc8 25. Kf1 Kf8 26. Rc1 Na2 27. Rcxc7
b6 28. Rxf7+ Ke8 29. Rce7+ Kd8 30. Rd7+ Ke8 31. Rde7+ Kd8 32. Nb7+ Rxb7 33.
Rxb7 Nc3 34. Rf8# 1-0

[Event "Championnat de France - Open D"]
[Site "Pau"]
[Date "2008.08.12"]
[Round "1.8"]
[White "Wild, Christophe"]
[Black "Generet, Elise"]
[Result "1-0"]
[WhiteElo "1370"]
[BlackElo "1490"]
[PlyCount "77"]

1. e4 e5 2. Nf3 Nc6 3. Bc4 Bc5 4. d3 Nf6 5. O-O d6 6. h3 Be6 7. Nbd2 O-O 8. c3
a6 9. a3 Rb8 10. b4 Ba7 11. Bxe6 fxe6 12. Qe2 Qd7 13. Bb2 Rf7 14. d4 exd4 15.
cxd4 Rbf8 16. Rad1 b5 17. e5 Nd5 18. Ne4 h6 19. Qd2 Bb8 20. Bc1 Nce7 21. Qc2
Nf5 22. Bd2 Kh7 23. Nc3 Nxc3 24. Bxc3 d5 25. g4 g6 26. gxf5 gxf5 27. Bd2 Rg7+
28. Kh2 Rfg8 29. Rg1 Qf7 30. Rxg7+ Qxg7 31. Rg1 Qf7 32. Rxg8 Qxg8 33. Bf4 Qf7
34. Nh4 Qh5 35. Bg3 Qe8 36. Qc1 Kg7 37. Bf4 Qh5 38. Bg3 Kh7 39. Qc6 1-0

[Event "Championnat de France - Open D"]
[Site "Pau"]
[Date "2008.08.12"]
[Round "1.9"]
[White "Lallement, Jose"]
[Black "Dubocage, Thibaut"]
[Result "1-0"]
[WhiteElo "1490"]
[BlackElo "1350"]
[PlyCount "69"]

1. d4 e6 2. c4 f5 3. Nf3 Nf6 4. Bf4 d5 5. e3 Be7 6. Nbd2 O-O 7. Ne5 c6 8. g4 b5
9. c5 a5 10. h4 Ne4 11. g5 Bb7 12. f3 Nxd2 13. Qxd2 Nd7 14. g6 Bxh4+ 15. Ke2
hxg6 16. Nxg6 Rf7 17. Rxh4 Qxh4 18. Nxh4 Rf6 19. Qe1 Ba6 20. Qg3 b4+ 21. Kf2
Bxf1 22. Rxf1 a4 23. Rg1 Rf7 24. Bh6 Kf8 25. Bxg7+ Rxg7 26. Qxg7+ Ke8 27. Qg8+
Nf8 28. Ng6 Rd8 29. Qxf8+ Kd7 30. Qd6+ Kc8 31. Qxc6+ Kb8 32. Ne5 b3 33. axb3
axb3 34. Nd7+ Ka7 35. Ra1# 1-0

[Event "Championnat de France - Open D"]
[Site "Pau"]
[Date "2008.08.12"]
[Round "1.10"]
[White "Baudet, Joel"]
[Black "Parisot, Anthony"]
[Result "1-0"]
[WhiteElo "1340"]
[BlackElo "1490"]
[PlyCount "115"]

1. c4 c5 2. g3 Nf6 3. Bg2 Nc6 4. e3 d5 5. cxd5 Nxd5 6. Nc3 e6 7. Nge2 Be7 8. d4
cxd4 9. Nxd4 Nxd4 10. Qxd4 Nxc3 11. Qxc3 O-O 12. O-O Bf6 13. Qc2 Rb8 14. Bd2
Qb6 15. Bc3 Qc7 16. Rac1 Bxc3 17. Qxc3 Qxc3 18. Rxc3 b6 19. Rfc1 Bb7 20. Rc7
Bxg2 21. Kxg2 a5 22. R1c6 Rfd8 23. b3 Kf8 24. Ra7 Rdc8 25. Rxc8+ Rxc8 26. Rb7
Rc2 27. a4 Rc6 28. f4 g6 29. h4 h5 30. Kf3 Kg7 31. g4 hxg4+ 32. Kxg4 Kf6 33.
Rb8 e5 34. fxe5+ Kxe5 35. Re8+ Kf6 36. Rb8 Re6 37. Kf4 Rd6 38. e4 Rc6 39. e5+
Kg7 40. Ke4 Re6 41. Kd5 Kh6 42. Rb7 Kg7 43. Rd7 Re8 44. Rd6 Rb8 45. Kc6 Re8 46.
Rd5 Re6+ 47. Rd6 Rxe5 48. Kxb6 f5 49. Rd4 Kh6 50. b4 axb4 51. Rxb4 Re4 52. Kc5
Rxb4 53. Kxb4 f4 54. Kc4 f3 55. Kd3 g5 56. hxg5+ Kxg5 57. Ke3 Kg4 58. Kf2 1-0

[Event "Championnat de France - Open D"]
[Site "Pau"]
[Date "2008.08.13"]
[Round "2.1"]
[White "Ulloa, Philippe"]
[Black "Benezra, David"]
[Result "1-0"]
[WhiteElo "1440"]
[BlackElo "1499"]
[PlyCount "70"]

1. d4 e6 2. c4 a6 3. e3 b5 4. cxb5 axb5 5. Bxb5 Bb7 6. Nf3 Nf6 7. O-O c5 8. Re1
Qb6 9. Be2 Nc6 10. b3 cxd4 11. Nxd4 Nxd4 12. exd4 Rc8 13. Be3 Qd6 14. Nd2 h5
15. Bf3 Ng4 16. Bxg4 hxg4 17. g3 Qd5 18. f3 gxf3 19. Bf2 Bb4 20. Re5 Qd6 21.
Nc4 Qe7 22. a3 Bd6 23. Re1 f5 24. Ne5 Bxe5 25. dxe5 Qg5 26. Be3 Qh5 27. Qd2 Qh3
28. Ra2 Rh5 29. Rd1 Bc6 30. a4 g5 31. Bxg5 f4 32. Bxf4 Rb8 33. b4 Be4 34. Qxd7+
Kf8 35. Qd6+ Kf7 1-0

[Event "Championnat de France - Open D"]
[Site "Pau"]
[Date "2008.08.13"]
[Round "2.2"]
[White "Bonnave, Olivier"]
[Black "Louot, Catherine"]
[Result "1-0"]
[WhiteElo "1499"]
[BlackElo "1430"]
[PlyCount "43"]

1. Nf3 Nf6 2. d3 g6 3. b3 Bg7 4. Bb2 O-O 5. Nbd2 c6 6. e3 Qb6 7. Nc4 Qb4+ 8. c3
Qb5 9. Nd4 Qg5 10. f4 Qg4 11. Be2 Qxg2 12. Bf3 Qxh1+ 13. Bxh1 d5 14. Nd2 Bf5
15. Nxf5 gxf5 16. Qf3 e6 17. O-O-O Nbd7 18. c4 Nc5 19. Kc2 Rfe8 20. Qg2 e5 21.
Rg1 Ne6 22. Bxe5 1-0

[Event "Championnat de France - Open D"]
[Site "Pau"]
[Date "2008.08.13"]
[Round "2.3"]
[White "Saint-Sulpice, Xavier"]
[Black "Boualit, Michael"]
[Result "1/2-1/2"]
[WhiteElo "1430"]
[BlackElo "1499"]
[PlyCount "89"]

1. d4 Nf6 2. c4 c5 3. d5 e6 4. Nc3 exd5 5. cxd5 d6 6. e4 g6 7. Nf3 Bg7 8. Bg5
a6 9. a4 Qa5 10. Nd2 Bg4 11. Be2 Bxe2 12. Qxe2 O-O 13. O-O Re8 14. Nc4 Qc7 15.
f3 Nbd7 16. Qe1 Nb6 17. b3 Nfxd5 18. Nxd5 Nxd5 19. Rd1 Bd4+ 20. Kh1 Nb6 21. Be3
Nxc4 22. Bxd4 cxd4 23. bxc4 Qxc4 24. Qa5 Rac8 25. Rf2 Re5 26. Qb6 Qxa4 27. Rfd2
Qc6 28. Qxd4 Rd8 29. Qb2 b5 30. Qxe5 dxe5 31. Rxd8+ Kg7 32. R8d6 Qc4 33. Rxa6
b4 34. Rb6 Qb3 35. Rg1 Qb2 36. h3 f5 37. Re1 b3 38. exf5 Kf7 39. fxg6+ hxg6 40.
Re4 Qc1+ 41. Kh2 b2 42. Reb4 e4 43. fxe4 Qf4+ 44. Kh1 Qc1+ 45. Kh2 1/2-1/2

[Event "Championnat de France - Open D"]
[Site "Pau"]
[Date "2008.08.13"]
[Round "2.4"]
[White "Cureau, Christian"]
[Black "Juffin, Dominique"]
[Result "1-0"]
[WhiteElo "1420"]
[BlackElo "1499"]
[PlyCount "75"]

1. d4 Nf6 2. c4 c6 3. Nc3 d5 4. Nf3 Bg4 5. Bg5 Nbd7 6. e3 e6 7. Be2 Bd6 8. e4
e5 9. cxd5 Bxf3 10. Bxf3 exd4 11. Qxd4 Be5 12. Qd3 Nc5 13. Qc2 Qd6 14. g3 h6
15. Bxf6 Qxf6 16. Bg2 O-O 17. O-O Rad8 18. Rad1 h5 19. Rd2 Rd6 20. Rfd1 h4 21.
dxc6 Rxc6 22. Nd5 Qg5 23. Nb4 Rcc8 24. Rd5 Ne6 25. Qb3 Qf6 26. Nd3 Nd4 27. Qxb7
Nf3+ 28. Bxf3 Qxf3 29. Nxe5 Qxe4 30. Qxa7 h3 31. f3 Qe2 32. Qf2 Qxf2+ 33. Kxf2
Rc2+ 34. R1d2 Rfc8 35. b4 Kf8 36. b5 Rxd2+ 37. Rxd2 Rc5 38. Nd7+ 1-0

[Event "Championnat de France - Open D"]
[Site "Pau"]
[Date "2008.08.13"]
[Round "2.5"]
[White "Joos, Rene"]
[Black "Van Den Abeele, Hendrik"]
[Result "0-1"]
[WhiteElo "1420"]
[BlackElo "1499"]
[PlyCount "85"]

1. Nf3 d5 2. d4 Nc6 3. e3 Nf6 4. Bb5 a6 5. Bxc6+ bxc6 6. O-O Bg4 7. h3 Bh5 8.
g4 Nxg4 9. hxg4 Bxg4 10. Kg2 Qd6 11. b3 h5 12. Ba3 Qf6 13. Nbd2 h4 14. Rh1 h3+
15. Kf1 e6 16. Bxf8 Kxf8 17. Ke2 Qf5 18. Qb1 h2 19. c4 Bxf3+ 20. Nxf3 Qg4 21.
Qc2 Rh3 22. Kd3 Qxf3 23. Kc3 dxc4 24. bxc4 Ke7 25. Kd3 Rd8 26. Qe2 Qxe2+ 27.
Kxe2 g5 28. f3 f5 29. Raf1 g4 30. fxg4 fxg4 31. Rf2 g3 32. Rg2 Rb8 33. Kf3 Rg8
34. Kf4 Kf6 35. e4 Rh4+ 36. Kf3 Rhg4 37. Rf1 e5 38. dxe5+ Kxe5 39. Rd1 Rf4+ 40.
Ke3 Rxe4+ 41. Kf3 Rf4+ 42. Ke2 Rxc4 43. Kf3 0-1

[Event "Championnat de France - Open D"]
[Site "Pau"]
[Date "2008.08.13?"]
[Round "2.6"]
[White "Virette, Celestin"]
[Black "Lallement, Jose"]
[Result "1/2-1/2"]
[WhiteElo "1420"]
[BlackElo "1490"]
[PlyCount "64"]

1. d4 d5 2. Bf4 Nf6 3. e3 e6 4. a3 Be7 5. h3 Nbd7 6. Nf3 a6 7. Nbd2 c5 8. c3
cxd4 9. cxd4 b5 10. Rc1 O-O 11. Bc7 Qe8 12. Be2 Bb7 13. Ne5 Rc8 14. Nxd7 Qxd7
15. Be5 Rc6 16. Rxc6 Qxc6 17. O-O Rc8 18. Bd3 Nd7 19. Bg3 f6 20. Qb1 Nf8 21.
Nb3 Qd7 22. Rc1 Rxc1+ 23. Qxc1 Qc8 24. Qxc8 Bxc8 25. Bc7 Nd7 26. Na5 g6 27. Nc6
Bf8 28. b4 Kf7 29. Be2 f5 30. Bd1 Nf6 31. Bc2 Ne8 32. Be5 Bd6 1/2-1/2

[Event "Championnat de France - Open D"]
[Site "Pau"]
[Date "2008.08.13"]
[Round "2.7"]
[White "Buclon, Francois"]
[Black "Scherno, Catherine"]
[Result "0-1"]
[WhiteElo "1410"]
[BlackElo "1490"]
[PlyCount "44"]

1. e4 d5 2. exd5 Qxd5 3. Nc3 Qa5 4. d4 Nf6 5. Bd2 c6 6. Nf3 Bg4 7. h3 Bh5 8.
Be2 Qc7 9. O-O e6 10. Ne5 Bxe2 11. Qxe2 Bd6 12. Rfe1 Nbd7 13. f4 O-O 14. Qf3
Nb6 15. b3 Nbd5 16. a3 Rfe8 17. b4 Nd7 18. Nxd5 cxd5 19. Rac1 Nb6 20. c4 Nxc4
21. a4 Nxd2 22. Qd3 Nc4 0-1

[Event "Championnat de France - Open D"]
[Site "Pau"]
[Date "2008.08.13"]
[Round "2.8"]
[White "Marquet, Didier"]
[Black "Leglise, Michel"]
[Result "1-0"]
[WhiteElo "1486"]
[BlackElo "1400"]
[PlyCount "38"]

1. e4 e5 2. Nf3 Nc6 3. a3 Nf6 4. d3 d5 5. Bg5 dxe4 6. dxe4 Qxd1+ 7. Kxd1 Nxe4
8. Ke1 Bg4 9. Nbd2 Nxd2 10. Bxd2 Bxf3 11. gxf3 Nd4 12. Bd3 Nxf3+ 13. Kd1 Nxd2
14. Kxd2 O-O-O 15. Ke2 g6 16. Rad1 Bg7 17. Bc4 f5 18. f3 Rxd1 19. Rxd1 Rd8 1-0

[Event "Championnat de France - Open D"]
[Site "Pau"]
[Date "2008.08.13"]
[Round "2.9"]
[White "Niedzielski, Claude"]
[Black "Baldi, Valentine"]
[Result "1-0"]
[WhiteElo "1400"]
[BlackElo "1480"]
[PlyCount "75"]

1. d4 c6 2. c4 d5 3. cxd5 cxd5 4. Nc3 Nc6 5. Bf4 Nf6 6. Nf3 Bf5 7. e3 e6 8. Qb3
Na5 9. Qa4+ Nc6 10. Bb5 Qd7 11. Ne5 Qd8 12. Nxc6 bxc6 13. Bxc6+ Nd7 14. Bxa8
Qxa8 15. Nb5 Qc6 16. Nc7+ Qxc7 17. Bxc7 Be7 18. Rc1 O-O 19. Qxd7 Bb4+ 20. Ke2
Bg4+ 21. f3 Bf5 22. Bd6 Bxd6 23. Qxd6 h6 24. Rc7 Rb8 25. b3 Rb6 26. Rc8+ Kh7
27. Qf8 Rb7 28. Qg8+ Kg6 29. g4 Bxg4 30. fxg4 a6 31. Rhc1 a5 32. R1c7 Rxc7 33.
Rxc7 h5 34. Qxf7+ Kg5 35. Qxe6 hxg4 36. Rxg7+ Kh5 37. Qxg4+ Kh6 38. Qg5# 1-0

[Event "Championnat de France - Open D"]
[Site "Pau"]
[Date "2008.08.13"]
[Round "2.10"]
[White "Garassus, Alain"]
[Black "Sanchez, Remi"]
[Result "0-1"]
[WhiteElo "1480"]
[BlackElo "1400"]
[PlyCount "66"]

1. d4 d5 2. c4 e6 3. Nc3 Nf6 4. Bg5 Be7 5. cxd5 exd5 6. e3 c5 7. Nf3 Be6 8. Bd3
h6 9. Bh4 Nc6 10. O-O cxd4 11. exd4 Qb6 12. Bb5 a6 13. Bxc6+ bxc6 14. Qc2 Rc8
15. Na4 Qb5 16. Ne5 g5 17. Bg3 c5 18. dxc5 Bxc5 19. Nxc5 Rxc5 20. Qd2 Ne4 21.
Qd4 f6 22. Nd3 Rc4 23. Qa7 h5 24. Qa8+ Rc8 25. Qa7 Nd2 26. Rfc1 Qxd3 27. Bd6
Rh7 28. Rxc8+ Bxc8 29. Re1+ Kd8 30. Be7+ Ke8 31. Bc5+ Kd8 32. Qb6+ Rc7 33. Re7
Qb1+ 0-1

[Event "Championnat de France - Open D"]
[Site "Pau"]
[Date "2008.08.14"]
[Round "3.2"]
[White "Van Den Abeele, Hendrik"]
[Black "Gac, Jean-Luc"]
[Result "1/2-1/2"]
[WhiteElo "1499"]
[BlackElo "1449"]
[PlyCount "102"]

1. d4 Nf6 2. c4 g6 3. Nc3 d5 4. e3 Bg7 5. Nf3 O-O 6. c5 Nbd7 7. Bd3 c6 8. O-O
Qc7 9. Bc2 b5 10. b4 a5 11. bxa5 Rxa5 12. Bd2 Ra7 13. a4 bxa4 14. Rxa4 Ba6 15.
Ne2 Rfa8 16. Re1 Bxe2 17. Rxa7 Qxa7 18. Rxe2 Qa2 19. Nh4 Qb2 20. Ba4 Nb8 21. f4
Ne4 22. Nf3 Qa2 23. Bb3 Qa1 24. Re1 Qxd1 25. Rxd1 Ra3 26. Rb1 Ra8 27. Bc2 Nxd2
28. Nxd2 f6 29. Ba4 Kf7 30. Rb4 f5 31. h4 h5 32. Nf3 Bf6 33. g3 Ke6 34. Nd2 Kd7
35. Kf2 Kc7 36. Bb3 Ra7 37. Nb1 Rb7 38. Rxb7+ Kxb7 39. Nc3 e6 40. Bc2 Bd8 41.
Bd3 Ba5 42. Ne2 Nd7 43. Ng1 Bd8 44. Nf3 Bf6 45. Ke2 Nb8 46. Kd2 Nd7 47. Kc3 Bd8
48. Kb4 Bf6 49. Be2 Nb8 50. Ne1 Be7 51. Nd3 Bf6 1/2-1/2

[Event "Championnat de France - Open D"]
[Site "Pau"]
[Date "2008.08.14"]
[Round "3.3"]
[White "Scherno, Catherine"]
[Black "Ulloa, Philippe"]
[Result "1/2-1/2"]
[WhiteElo "1490"]
[BlackElo "1440"]
[PlyCount "155"]

1. e4 d5 2. exd5 Nf6 3. d4 Nxd5 4. c4 Nf6 5. Nf3 Bg4 6. Be2 e6 7. Nc3 Bb4 8.
Qb3 Bxc3+ 9. Qxc3 O-O 10. O-O c6 11. Bg5 Nbd7 12. Rfe1 Bxf3 13. Bxf3 h6 14. Bh4
Re8 15. Rad1 Qe7 16. Bg3 Rac8 17. b3 b6 18. b4 b5 19. c5 Nd5 20. Qb2 Qd8 21. a3
a5 22. Re2 a4 23. Qc2 Nf8 24. Bd6 Ng6 25. Qc1 Nh4 26. Be4 Nf5 27. Bxf5 exf5 28.
Rxe8+ Qxe8 29. Re1 Qd7 30. Qc2 f4 31. Qe4 g5 32. Qf3 Nf6 33. Re7 Qf5 34. Qd1
Qg6 35. Qe1 Kh7 36. Be5 Nd5 37. Rd7 Kg8 38. Bd6 f6 39. Qe6+ Kh8 40. h3 Re8 41.
Qf7 Qxf7 42. Rxf7 Re1+ 43. Kh2 Ra1 44. Be7 Rxa3 45. Bxf6+ Nxf6 46. Rxf6 Kg7 47.
Rxc6 Ra1 48. Re6 a3 49. c6 a2 50. c7 Rc1 51. Ra6 Rxc7 52. Rxa2 Rc4 53. Ra7+ Kg6
54. d5 Rxb4 55. Rb7 Rb2 56. f3 b4 57. d6 Kf6 58. Rh7 Ke6 59. Rxh6+ Kd7 60. Rg6
Rd2 61. Rxg5 b3 62. Rb5 b2 63. h4 Kxd6 64. h5 Kc6 65. Rb8 Kc7 66. Rb3 Rd5 67.
g4 fxg3+ 68. Kxg3 Rxh5 69. Rxb2 Kd6 70. Re2 Re5 71. Rd2+ Ke6 72. Rd4 Kf5 73. f4
Re3+ 74. Kg2 Ra3 75. Kf2 Rb3 76. Ke2 Rh3 77. Kf2 Ra3 78. Ke2 1/2-1/2

[Event "Championnat de France - Open D"]
[Site "Pau"]
[Date "2008.08.14"]
[Round "3.4"]
[White "Delzant, Pierre-Richard"]
[Black "Marquet, Didier"]
[Result "0-1"]
[WhiteElo "1440"]
[BlackElo "1486"]
[PlyCount "106"]

1. Nf3 d5 2. c4 Nf6 3. b3 Nc6 4. Bb2 d4 5. g3 h6 6. Bg2 e5 7. d3 Bb4+ 8. Nbd2
O-O 9. O-O Bf5 10. a3 Bd6 11. Qc2 Re8 12. Ne1 Qd7 13. e3 Bh3 14. exd4 Bxg2 15.
Kxg2 Nxd4 16. Qd1 c5 17. Nef3 Qc6 18. Re1 Re6 19. Kg1 Nxf3+ 20. Qxf3 Qxf3 21.
Nxf3 Rae8 22. Rab1 g5 23. Bc3 b6 24. b4 e4 25. Nd2 Be5 26. Bxe5 Rxe5 27. dxe4
Nxe4 28. Nxe4 Rxe4 29. Rxe4 Rxe4 30. Rc1 f5 31. b5 Kf7 32. Rd1 Rd4 33. Rxd4
cxd4 34. Kf1 Ke6 35. Ke2 Kd6 36. Kd3 Kc5 37. h3 h5 38. f3 g4 39. hxg4 f4 40.
gxf4 h4 41. g5 h3 42. g6 h2 43. g7 h1=Q 44. g8=Q Qxf3+ 45. Kd2 Qxf4+ 46. Ke1
Qe5+ 47. Kd1 d3 48. Qd5+ Qxd5 49. cxd5 Kxd5 50. Kd2 Kd4 51. a4 Kc4 52. Kc1 Kc3
53. Kd1 d2 0-1

[Event "Championnat de France - Open D"]
[Site "Pau"]
[Date "2008.08.14"]
[Round "3.5"]
[White "Souchaud, Raymond"]
[Black "Cureau, Christian"]
[Result "1-0"]
[WhiteElo "1480"]
[BlackElo "1420"]
[PlyCount "41"]

1. Nf3 Nf6 2. d4 e6 3. c4 c5 4. e3 cxd4 5. exd4 d5 6. c5 Bd7 7. Bd3 Nc6 8. a3
b6 9. b4 bxc5 10. dxc5 e5 11. Bb5 a6 12. Bxc6 Bxc6 13. Nxe5 Qe7 14. f4 Bb5 15.
Nc3 Bc6 16. O-O Qe6 17. Re1 Be7 18. Ng6 Ne4 19. Nxe7 Qxe7 20. Nxd5 Bxd5 21.
Qxd5 1-0

[Event "Championnat de France - Open D"]
[Site "Pau"]
[Date "2008.08.14"]
[Round "3.6"]
[White "Niedzielski, Claude"]
[Black "Karsenty, Madeleine"]
[Result "0-1"]
[WhiteElo "1400"]
[BlackElo "1470"]
[PlyCount "128"]

1. d4 d5 2. c4 e6 3. cxd5 exd5 4. Nc3 Nf6 5. Bg5 Nbd7 6. Nf3 c6 7. e3 Qa5 8. a3
Ne4 9. b4 Nxc3 10. bxa5 Nxd1 11. Rxd1 Bxa3 12. Ra1 Bd6 13. Bd3 O-O 14. Ke2 Re8
15. g4 Nf8 16. Rhg1 Ne6 17. Rg2 Bd7 18. Bh4 Nf4+ 19. Kd2 Nxg2 20. h3 Nxh4 21.
Nxh4 b6 22. a6 Re7 23. f4 Rae8 24. Ng2 f6 25. Rf1 Bb4+ 26. Ke2 Bc3 27. Kf2 Bd2
28. e4 dxe4 29. Bc4+ Be6 30. Be2 Bd5 31. Ne3 Bxe3+ 32. Kxe3 b5 33. Rb1 Rd8 34.
Rb4 g6 35. Bd1 Kg7 36. h4 Rb8 37. Be2 Rb6 38. Rb2 Rxa6 39. Rb1 Ra3+ 40. Kf2 Ra2
41. Ke3 a5 42. Bd1 Ra3+ 43. Ke2 Bc4+ 44. Ke1 Rd3 45. Ra1 a4 46. Be2 Re3 47. Kd2
Rxe2+ 48. Kc3 Rf2 49. Kb4 Rxf4 50. Kc5 Bd5 51. Kd6 Kf7 52. Rg1 e3 53. g5 f5 54.
Rh1 e2 55. Rh2 e1=Q 56. h5 Qe6+ 57. Kc5 gxh5 58. Rxh5 Qg6 59. Rxh7+ Qxh7 60.
g6+ Qxg6 61. Kb6 Rxd4 62. Kc5 Rh4 63. Kb6 Qg1+ 64. Ka5 Ra7# 0-1

[Event "Championnat de France - Open D"]
[Site "Pau"]
[Date "2008.08.14"]
[Round "3.7"]
[White "Riballet, Jean-Paul"]
[Black "Bastin, Eugene"]
[Result "0-1"]
[WhiteElo "1470"]
[BlackElo "1390"]
[PlyCount "76"]

1. e4 g6 2. d4 Bg7 3. Nf3 d6 4. Nc3 Nc6 5. Be3 Nf6 6. Bc4 Ng4 7. O-O O-O 8. h3
Nxe3 9. fxe3 Na5 10. Bd3 e5 11. b4 exd4 12. exd4 Nc6 13. Ne2 Nxb4 14. c3 Nxd3
15. Qxd3 b6 16. d5 a5 17. Rac1 f5 18. h4 fxe4 19. Qxe4 Bf5 20. Qc4 Qd7 21. Ng5
Rae8 22. Nf4 b5 23. Qb3 a4 24. Qd1 Be5 25. Nfe6 Bxe6 26. Rxf8+ Rxf8 27. dxe6
Qe7 28. Qd5 Rf5 29. Qa8+ Kg7 30. Qc6 Bf4 31. Rf1 Be3+ 32. Kh2 Rxf1 33. Qd7 Bxg5
34. hxg5 Qxd7 35. exd7 Rf8 36. Kg3 Rd8 37. Kf4 Rxd7 38. g4 c5 0-1

[Event "Championnat de France - Open D"]
[Site "Pau"]
[Date "2008.08.14"]
[Round "3.8"]
[White "Sanchez, Remi"]
[Black "Roux, Jean-Marie"]
[Result "0-1"]
[WhiteElo "1400"]
[BlackElo "1470"]
[PlyCount "60"]

1. d4 d5 2. c4 Nf6 3. Nc3 Nc6 4. Bg5 Ne4 5. Nxe4 dxe4 6. e3 Bf5 7. Ne2 Qd7 8.
Nc3 e6 9. d5 Ne5 10. Nb5 a6 11. Bf4 Bb4+ 12. Nc3 Bg4 13. Qb3 Bxc3+ 14. Qxc3 f6
15. Bxe5 fxe5 16. Qxe5 O-O 17. h3 Bf5 18. g4 Bg6 19. dxe6 Qe7 20. c5 Qh4 21. e7
Qxf2+ 22. Kd1 Rad8+ 23. exd8=Q Rxd8+ 24. Qd4 Rxd4+ 25. exd4 e3 26. Bc4+ Kh8 27.
Be2 Bd3 28. Re1 Bxe2+ 29. Rxe2 Qf1+ 30. Re1 Qd3+ 0-1

[Event "Championnat de France - Open D"]
[Site "Pau"]
[Date "2008.08.14"]
[Round "3.9"]
[White "Nord, Clara"]
[Black "Ollier, Patrice"]
[Result "1/2-1/2"]
[WhiteElo "1380"]
[BlackElo "1460"]
[PlyCount "38"]

1. e4 e6 2. d4 d5 3. e5 c5 4. dxc5 Bxc5 5. Nf3 Qb6 6. Qd2 Nc6 7. Nc3 Nge7 8.
Na4 Qb4 9. Qxb4 Bxb4+ 10. Nc3 Ng6 11. Bb5 Bd7 12. Bxc6 Bxc3+ 13. bxc3 Bxc6 14.
Be3 O-O 15. O-O a6 16. Rab1 Rab8 17. Rfe1 Rfc8 18. Bd4 Ne7 19. Rb2 Nf5 1/2-1/2

[Event "Championnat de France - Open D"]
[Site "Pau"]
[Date "2008.08.15"]
[Round "4.1"]
[White "Marquet, Didier"]
[Black "Roux, Jean-Marie"]
[Result "0-1"]
[WhiteElo "1486"]
[BlackElo "1470"]
[PlyCount "86"]

1. e4 e5 2. Nf3 Nc6 3. Be2 Nf6 4. d3 Be7 5. O-O O-O 6. Nbd2 d5 7. c3 Be6 8. Ng5
Bc5 9. Nb3 Bb6 10. a4 a6 11. a5 Ba7 12. d4 Qe7 13. f3 Bd7 14. Be3 h6 15. exd5
Nxd5 16. Qc1 Nxe3 17. Qxe3 Qxg5 18. Qxg5 hxg5 19. Rfd1 Be6 20. Nc5 exd4 21.
cxd4 Nxd4 22. Nxe6 Nxe2+ 23. Kf1 Nc3 24. bxc3 fxe6 25. Ra4 Rae8 26. Rd7 Bb8 27.
Rg4 Rf5 28. h4 Rxa5 29. Rxg5 Rxg5 30. hxg5 a5 31. Ke2 Kh7 32. Rd4 Kg6 33. f4 e5
34. Re4 Kf5 35. Kf3 b5 36. g4+ Kg6 37. Rxe5 Rxe5 38. fxe5 Kf7 39. Ke4 Ke6 40.
Kd4 a4 41. c4 b4 42. c5 a3 43. Kc4 a2 0-1